[Event "Stay Safe Play From Home 234"]
[Site "Emanuel Lasker Arena"]
[Date "2020.06.17"]
[Round "7"]
[White "Haris kollari 13"]
[Black "Dukic"]
[Result "0-1"]
[WhiteElo "1823"]
[BlackElo "1909"]
[Annotator "NA RC"]
[PlyCount "86"]
[EventDate "2020.06.17"]
[EventType "swiss (blitz)"]

1. e4 {[%emt 0:00:01]} c5 {[%emt 0:00:03]} 2. Nf3 {[%emt 0:00:08]} e6 {[%emt 0:00:00]} 3. d4 {[%emt 0:00:01]} cxd4 {[%emt 0:00:02]} 4. Nxd4 {[%emt 0:00:00]} a6 {[%emt 0:00:01]} 5. Nc3 {[%emt 0:00:01]} b5 {[%emt 0:00:02]} 6. f4 {[%emt 0:00:02]} Bb7 {[%emt 0:00:01]} 7. Qf3 {[%emt 0:00:02]} Nf6 {[%emt 0:00:02]} 8. Bd3 {[%emt 0:00:01]} Bb4 {[%emt 0:00:05]} 9. Bd2 {[%emt 0:00:02]} d6 {[%emt 0:00:05]} 10. a3 {[%emt 0:00:01]} Ba5 {[%emt 0:00:02]} 11. Nb3 {[%emt 0:00:02]} Bb6 {[%emt 0:00:03]} 12. g4 {[%emt 0:00:03]} h6 {[%emt 0:00:03]} 13. O-O-O {[%emt 0:00:03]} Nbd7 {[%emt 0:00:01]} 14. Rde1 {[%emt 0:00:03]} Qc7 {[%emt 0:00:02]} 15. h4 {[%emt 0:00:01]} Rc8 {[%emt 0:00:29]} 16. g5 {[%emt 0:00:04]} Ng8 {[%emt 0:00:06]} 17. Rd1 {[%emt 0:00:20]} Ne7 {[%emt 0:00:02]} 18. h5 {[%emt 0:00:03]} hxg5 {[%emt 0:00:04]} 19. fxg5 {[%emt 0:00:01]} Ne5 {[%emt 0:00:01]} 20. Qg4 {[%emt 0:00:07]} d5 {[%emt 0:00:14]} 21. exd5 {[%emt 0:00:13]} Nxd5 {[%emt 0:00:03]} 22. Kb1 {[%emt 0:00:05]} Nxg4 {[%emt 0:00:02]} 23. g6 {[%emt 0:00:06]} Nf2 {[%emt 0:00:11]} 24. gxf7+ {[%emt 0:00:02]} Kf8 {[%emt 0:00:05]} 25. Nxd5 {[%emt 0:00:08]} Bxd5 {[%emt 0:00:02]} 26. h6 {[%emt 0:00:01]} Nxh1 {[%emt 0:00:07]} 27. hxg7+ {[%emt 0:00:02]} Kxg7 {[%emt 0:00:01]} 28. Bc3+ {[%emt 0:00:02]} Kxf7 {[%emt 0:00:05]} 29. Rf1+ {[%emt 0:00:08]} Ke7 {[%emt 0:00:03]} 30. Bf6+ {[%emt 0:00:02]} Kd7 {[%emt 0:00:01]} 31. Bxh8 {[%emt 0:00:05]} Rxh8 {[%emt 0:00:01]} 32. Rf7+ {[%emt 0:00:00]} Kc8 {[%emt 0:00:02]} 33. Rxc7+ {[%emt 0:00:01]} Kxc7 {[%emt 0:00:01]} 34. Nd2 {[%emt 0:00:01]} Nf2 {[%emt 0:00:03]} 35. b3 {[%emt 0:00:01]} Nxd3 {[%emt 0:00:02]} 36. cxd3 {[%emt 0:00:01]} Rh2 {[%emt 0:00:02]} 37. Kc2 {[%emt 0:00:03]} Be3 {[%emt 0:00:02]} 38. Kc3 {[%emt 0:00:01]} Rxd2 {[%emt 0:00:04]} 39. a4 {[%emt 0:00:04]} Kb6 {[%emt 0:00:02]} 40. a5+ {[%emt 0:00:04]} Kc6 {[%emt 0:00:05]} 41. d4 {[%emt 0:00:01]} Rxd4 {[%emt 0:00:04]} 42. b4 {[%emt 0:00:01]} Rc4+ {[%emt 0:00:02]} 43. Kd3 {[%emt 0:00:01]} Bc1 {[%emt 0:00:03] Haris kollari 13 resigns (Lag: Av=0.45s, max=0.9s)} 0-1